000 00971cam a22002534a 4500
999 _c2189
_d2189
008 011102s2002 ne a b 001 0 eng
020 _a0750674490 (alk. paper)
040 _aDLC
042 _apcc
082 0 0 _a658.4/04
_221
100 1 _aPhillips, Jack J.,
_d1945-
245 1 4 _aThe project management scorecard :
_bmeasuring the success of project management solutions /
_cJack J. Phillips, Timothy W. Bothell, and G. Lynne Snead
260 _aAmsterdam ;
_aBoston :
_bButterworth-Heinemann,
_cc2002.
300 _axxi, 353 p. :
_bill. ;
_c24 cm.
440 0 _aImproving human performance series
504 _aIncludes bibliographical references and index.
650 0 _aProject management.
650 0 _aProject management
_xEvaluation.
700 1 _aBothell, Timothy W.
700 1 _aSnead, G. Lynne.
856 4 2 _uhttp://www.loc.gov/catdir/description/els031/2001052837.html
856 4 1 _uhttp://www.loc.gov/catdir/toc/els031/2001052837.html
942 _cBK